| 000 -LEADER |
| fixed length control field |
01438cam a2200505La 4500 |
| 020 ## - INTERNATIONAL STANDARD BOOK NUMBER |
| ISBN |
0585342865 |
| 020 ## - INTERNATIONAL STANDARD BOOK NUMBER |
| ISBN |
9780585342863 |
| 020 ## - INTERNATIONAL STANDARD BOOK NUMBER |
| ISBN |
9780824864033 |
| 020 ## - INTERNATIONAL STANDARD BOOK NUMBER |
| ISBN |
0824864034 |
| 040 ## - CATALOGING SOURCE |
| Transcribing agency |
N$T |
| 041 1# - LANGUAGE CODE |
| Language code of original and/or intermediate translations of text |
jpn |
| 082 04 - DEWEY DECIMAL CLASSIFICATION NUMBER |
| Classification number |
370 UNI 1997 A020 Or. |
| 100 1# - MAIN ENTRY--AUTHOR NAME |
| Personal name |
Motoyama, Yukihiko, |
| 245 10 - TITLE STATEMENT |
| Title |
Proliferating talent |
| Remainder of title |
essays on politics, thought, and education in the Meiji era / |
| 260 ## - PUBLICATION, DISTRIBUTION, ETC. (IMPRINT) |
| Place of publication |
Honolulu, Hawaii : |
| Name of publisher |
University of Hawai'i Press, |
| Year of publication |
c1997. |
| 300 ## - PHYSICAL DESCRIPTION |
| Number of Pages |
1 online resource (xii, 475 p.) |
| 650 #0 - SUBJECT ADDED ENTRY--TOPICAL TERM |
| Topical Term |
Education |
| 650 #0 - SUBJECT ADDED ENTRY--TOPICAL TERM |
| Topical Term |
Education |
| 650 #0 - SUBJECT ADDED ENTRY--TOPICAL TERM |
| Topical Term |
Education and state |
| 650 #7 - SUBJECT ADDED ENTRY--TOPICAL TERM |
| Topical Term |
EDUCATION |
| 650 #7 - SUBJECT ADDED ENTRY--TOPICAL TERM |
| Topical Term |
EDUCATION |
| 650 17 - SUBJECT ADDED ENTRY--TOPICAL TERM |
| Topical Term |
Onderwijs. |
| 650 17 - SUBJECT ADDED ENTRY--TOPICAL TERM |
| Topical Term |
Politiek. |
| 650 17 - SUBJECT ADDED ENTRY--TOPICAL TERM |
| Topical Term |
Geestesgeschiedenis. |
| 650 #7 - SUBJECT ADDED ENTRY--TOPICAL TERM |
| Topical Term |
EDUCAÇÃO |
| 650 #7 - SUBJECT ADDED ENTRY--TOPICAL TERM |
| Topical Term |
INTELECTUALIDADE |
| 650 07 - SUBJECT ADDED ENTRY--TOPICAL TERM |
| Topical Term |
Meijireform. |
| 650 07 - SUBJECT ADDED ENTRY--TOPICAL TERM |
| Topical Term |
Erziehung. |
| 650 07 - SUBJECT ADDED ENTRY--TOPICAL TERM |
| Topical Term |
Geschichte. |
| 650 07 - SUBJECT ADDED ENTRY--TOPICAL TERM |
| Topical Term |
Aufsatzsammlung. |
| 650 07 - SUBJECT ADDED ENTRY--TOPICAL TERM |
| Topical Term |
Politik. |
| 650 07 - SUBJECT ADDED ENTRY--TOPICAL TERM |
| Topical Term |
Intellektuelle Anschauung. |
| 650 07 - SUBJECT ADDED ENTRY--TOPICAL TERM |
| Topical Term |
Bildungspolitik. |
| 650 #7 - SUBJECT ADDED ENTRY--TOPICAL TERM |
| Topical Term |
Education. |
| 650 #7 - SUBJECT ADDED ENTRY--TOPICAL TERM |
| Topical Term |
Education and state. |
| 650 #7 - SUBJECT ADDED ENTRY--TOPICAL TERM |
| Topical Term |
Education |
| 650 #7 - SUBJECT ADDED ENTRY--TOPICAL TERM |
| Topical Term |
Intellectual life. |
| 650 #7 - SUBJECT ADDED ENTRY--TOPICAL TERM |
| Topical Term |
Electronic books |
| 650 #4 - SUBJECT ADDED ENTRY--TOPICAL TERM |
| Topical Term |
Electronic books. |
| 650 #7 - SUBJECT ADDED ENTRY--TOPICAL TERM |
| Topical Term |
HISTORY / Asia / Japan |
| 700 1# - ADDED ENTRY--PERSONAL NAME |
| Personal name |
Elisonas, J. S. A., |
| 700 1# - ADDED ENTRY--PERSONAL NAME |
| Personal name |
Rubinger, Richard, |
| 856 40 - ELECTRONIC LOCATION AND ACCESS |
| Uniform Resource Identifier |
http://metlibrary.idm.oclc.org/login?url=http://www.jstor.org/stable/10.2307/j.ctt6wqttw |
| 942 ## - ADDED ENTRY ELEMENTS (KOHA) |
| Koha item type |
សៀវភៅភាសាអង់គ្លេស |
| 952 ## - LOCATION AND ITEM INFORMATION (KOHA) |
| Withdrawn status [LOCAL, KOHA] |
0 |